To market, to market : the public market tradition in Canada /

Bibliographic Details
Main Author: Biesenthal, Linda
Format: Book
Language:English
Published: Toronto, Canada : PMA Books, [1980]
Subjects:

MARC

Tag First Indicator Second Indicator Subfields
LEADER 00000cam a2200000 a 4500
001 in00000081783
005 20151008054142.0
008 811009s1980 onca b 00110 eng d
020 |z 0887782078 
035 |a (OCoLC)07833713 
035 |9 AAH9798AM 
040 |a MEU  |c MEU  |d TXA  |d UtOrBLW 
043 |a n-cn--- 
049 |a TXAM  |c [1803913] 
082 0 |a 381/.18/0971 
090 |a HF5472.C2  |b B53 
100 1 |a Biesenthal, Linda. 
245 1 0 |a To market, to market :  |b the public market tradition in Canada /  |c Linda Biesenthal ; photographs by J. Douglas Wilson. 
264 1 |a Toronto, Canada :  |b PMA Books,  |c [1980] 
264 4 |c ©1980 
300 |a 164 pages :  |b illustrations ;  |c 23 x 27 cm. 
336 |a text  |b txt  |2 rdacontent 
337 |a unmediated  |b n  |2 rdamedia 
338 |a volume  |b nc  |2 rdacarrier 
500 |a Includes index. 
504 |a Bibliography: pages 159-161. 
650 0 |a Markets  |z Canada  |x History. 
650 0 |a Farm produce  |z Canada  |x Marketing. 
650 0 |a Marketing. 
999 |a MARS 
999 f f |s d6ec286c-36a8-3f47-a697-f2b5b89204ab  |i c8712d0e-1787-379b-9db9-d8abdf3af193  |t 0 
952 f f |p ric  |a Texas A&M University  |b Rellis Campus  |c Joint Library Facility  |d Remote Storage  |t 0  |e HF5472.C2 B53  |h Library of Congress classification  |i unmediated -- volume  |m A14806134838 
998 f f |a HF5472.C2 B53  |t 0  |l Remote Storage